| 000 | 01126nas a2200301 4500 | ||
|---|---|---|---|
| 001 | BR9209965 | ||
| 003 | BR-BrBNA | ||
| 005 | 20231205095113.0 | ||
| 007 | ta | ||
| 008 | 230509b bl.|||p| |||| 00| 00por d | ||
| 040 |
_aBR-BrBNA _bpor _cBiblioteca Nacional de Agricultura |
||
| 041 | _a(Pt) | ||
| 072 | _aM12; L51 | ||
| 100 | 1 | _aSilva, J.W.B. e | |
| 100 | 1 | _aCarneiro Sobrinho, A. | |
| 100 | 1 | _aMelo, F.R. | |
| 100 | 1 | _aSouza, L.S. de | |
| 110 | 1 | _aDepartamento Nacional de Obras Contra as Secas, Fortaleza, CE (Brasil) | |
| 245 | 1 | _aResultados de um policultivo de tambaqui, Colossoma macropomum Cuvier, 1818; carpa espelho, Cyprinus carpio L. 1758 VR. specularis, e macho da tilapia do nilo, Oreochromis niloticus L. 1766, alimentados com milho, Zea mays L. | |
| 650 | _aTambaqui | ||
| 650 | _aCarpa | ||
| 650 | _aTilapia Nilotica | ||
| 650 | _aMilho | ||
| 650 | _aNutricao Animal | ||
| 773 | 0 |
_tBoletim Tecnico - Departamento Nacional de Obras Contra as Secas (Brazil) _xISSN 0374-6658 _g(Jan-Dec 1987), v. 45(1-2) p. 5-26 _wBR9209965 |
|
| 909 |
_a202311 _bLúcia _c55 _dLúcia Elande |
||
| 942 |
_2AGRIS _n0 _cANA |
||
| 999 |
_c148722 _d148722 |
||